Island to Archipelago - Click Quiz - Hard - Statistics

General Stats
  • This quiz has been taken 25 times
  • The average score is 22 of 30
Answer Stats
Hint Answer % Correct
Gran Canaria Canary Islands
100%
Jersey Channel Islands
96%
Guernsey Channel Islands
92%
Nordaustlandet Svalbard
92%
Tenerife Canary Islands
88%
Spitsbergen Svalbard
88%
Barentsøya Svalbard
88%
Aruba ABC Islands
84%
Bonaire ABC Islands
84%
Curaçao ABC Islands
84%
Fuerteventura Canary Islands
84%
Tahiti Society Islands
84%
Alderney Channel Islands
76%
Bora Bora Society Islands
76%
Unguja Island Zanzibar Archipelago
76%
St. Thomas Virgin Islands
72%
St. Croix Virgin Islands
72%
Rhodes Dodecanese
68%
Andros Cyclades
64%
Naxos Cyclades
64%
Réunion Mascarene Islands
64%
Mauritius Mascarene Islands
60%
Paros Cyclades
56%
Rodrigues Mascarene Islands
56%
Pemba Island Zanzibar Archipelago
56%
Karpathos Dodecanese
52%
Kos Dodecanese
48%
Moorea Society Islands
48%
Tortola Virgin Islands
48%
Mafia Island Zanzibar Archipelago
32%
No matching quizzes found
Score Distribution
Percent of People with Each Score
Percentile by Number Answered
Your Score History
You have not taken this quiz